MARC

LEADER 00000nab a2200000 a 4500
001 vtls011725332
003 SK-MaSNL
005 20260318115239.0
008 171204c2017 xo er n ||00 c0ukr
015 |a SNBRB2017/12 
038 |a SVKPOCL 
040 |a SVKPOCL  |b slo  |c SVKPOCL  |e AACR2 
041 0 |a ukr 
044 |a xo  |c SK 
080 |a 32(437.6)  |2 2011 
080 |a 316.022.4:005.591  |2 2011 
080 |a 354.1:323.15  |2 2011 
080 |a 336.143:316.022.4  |2 2011 
080 |a (437.6)  |2 2011 
080 |a 354.1:316.022.4:336.1  |2 2011 
100 1 |a Kuzmiaková, Anna,  |d 1949-  |4 aut  |9 210981 
245 1 0 |a Pidporeno 117 rusyn'skўch projektiv  |c [autor] -ak- 
246 3 3 |a Pidporeno 117 rusyn'skŷch projektiv 
500 |a V rubrike Informačnўj servis - Z domova i zo svita 
500 |a Odkrytie akronymu je s autorkiným súhlasom 
610 1 7 |a Slovensko.  |b Vláda.  |b Rada pre ľudské práva, národnostné menšiny a rodovú rovnosť.  |b Úrad splnomocnenca vlády Slovenskej republiky pre národnostné menšiny.  |b Výbor pre národnostné menšiny a etnické skupiny  |2 snkbucl  |9 1300465 
610 2 7 |a Kultúra národnostných menšín  |g (dotačný program)  |f (2017)  |2 svkpocl  |9 1603819 
650 0 7 |a rozpočtová politika  |2 SNKPH  |9 2274 
650 0 7 |a národnostná politika  |2 SNKPH  |9 4656 
650 0 7 |a Rusíni  |2 SNKPH  |9 4087 
650 0 7 |a národnostné menšiny  |2 SNKPH  |9 2669 
650 0 7 |a financovanie  |2 SNKPH  |9 16004 
650 0 7 |a projekty  |2 SNKPH  |9 18866 
651 7 |a Bratislava (Slovensko)  |2 SNKPH  |9 14568 
773 0 |t NN info Rusyn : Narodnў novynkў Rusyniv Slovakiji  |g Roč. XIV (26), č. 6 (2017), s. 4  |x 2454-0013 
852 |a SVKPO  |b KIS3GCP 
856 4 2 |y Elektronický archív Info Rusyna je dostupný na: http://www.rusyn.sk 
958 |a RN 
958 |a SS 
958 |a SK 
999 |c 3305021  |d 3306951